000 00634nam a2200169Ia 4500
003 GCL
008 140319s9999 xx 000 0 ara d
040 _aGCL /
_cGCL
082 0 4 _a796.0184
_bم ا
100 1 _aمحمد فتحى الكردانى
245 1 0 _aاسلوب النظم فى التربية البدنية والرياضية بين النظرية والتطبيق /
_cمحمد فتحى الكردانى
300 _a38 ص
490 _aالفكر العربى فى التربية البدنية والرياضية
_v0
650 0 4 _aتنظيم وادارة
650 0 4 _aالتربية البدنية
942 _2ddc
_cBK
999 _c45007
_d45007